| 000 | 01102nam a2200313 a 4500 | ||
|---|---|---|---|
| 001 | 000012195 | ||
| 005 | 20240424131120.0 | ||
| 008 | 091106s2000 dr a r 000 0 spa d | ||
| 020 | _a9993482102 | ||
| 040 |
_aDO-SdBNP _bspa _cBNPHU |
||
| 082 |
_a631.4 _bR741s |
||
| 100 | 1 |
_aRojas Palacios, Hernán _928810 |
|
| 245 | 1 | 0 |
_aSuelos y agua / _cHernán Rojas Palacios ; presentación Altagracia Rivera de Castillo. |
| 260 |
_aSanto Domingo : _bCEDAF , _c2000. |
||
| 300 |
_a126 P. : _bil. ; _c28 cm. |
||
| 490 | 1 | _aProyecto ÁGORA | |
| 500 | _aIncluye datos biográficos del autor en el verso de la cubierta | ||
| 590 | _aInventariado, 2018/BT | ||
| 650 | 4 |
_aSuelos _928811 |
|
| 650 | 4 |
_aRecursos hídricos _928812 |
|
| 650 | 0 |
_aRecursos naturales _9512 |
|
| 650 | 4 |
_aFormación de suelos _928813 |
|
| 650 | 4 |
_aFuentes de agua _928814 |
|
| 650 | 4 |
_aRiego _92708 |
|
| 700 | 1 | 2 |
_aRivera de Castillo, Altagracia _928815 |
| 710 | 2 |
_aCentro Para el Desarrollo Agropecuario y Forestal (República Dominicana) _9130 |
|
| 830 | 0 |
_aProyecto ÁGORA _914822 |
|
| 910 | _aValidado. Control de calidad. MFF | ||
| 999 |
_c11860 _d11860 |
||